000 00598nam a2200205Ia 4500
003 SISC
005 20170119141523.0
008 140321s9999 xx 000 0 und d
020 _a9789810696887
050 _aHD 31
_b.R5647 2012
100 _aRobbins, Stephen P.
245 _aManagement /
_cStephen P. Robbins and Mary Coulter.
250 _a11th edition.
260 _aPhilippines :
_bPEARSON,
_c2012.
300 _a671 pages :
_billustrations ;
_c27 cm.
500 _aIncludes bibliographical references and indexes.
650 _aManagement.
942 _kFOR
_cBK
_2lcc
999 _c48332
_d48332